00958nas a2200241Ia 4500001001100000003000900011008004100020040001300061040001300074041001300087100003800100210002000138222002000158245010700178250001100285260002800296501008600324300001100410310001600421362004000437500020300477650003600680R012/42601IT-RoPAU151124c99999999xx |||||||||||| ||und|| aIT-RoPAU cIT-RoPAU aITALIANO aAA.VV. gCodice Aut. SPICS: 12000 aCINEMA & CINEMA aCinema & Cinema aCINEMA & CINEMA, ANNO 11-N.39 (APRILE-GIUGNO 1984)bCinema & Cinema, Anno 11-N.39 (Aprile-Giugno 1984) a1a ed. aVENEZIAbMARSILIOc1984 bPaulus - SPICS - Società San Paolo EM (non-commercial uses only)cCopyright2015 a112 p. aTRIMESTRALE aANNO 011, N.39 (APRILE-GIUGNO 1984) aContributi di Autori Vari Sull'Estetica del Remake. Remake Soprattutto Nelcinema ma Non Solo. Conversazioni con Vari Pesonaggi del Cinema. Relazionisui Festival di Cannes, Salsomaggiore, Chianciano. aCINEMAvPUBBLICAZIONE PERIODICA